Εισαγωγή στην Κοινωνιολογία / Γ' 'Εκδοση (Record no. 382)
[ view plain ]
| 000 -LEADER | |
|---|---|
| fixed length control field | 01543cam a22002294a 4500 |
| 005 - ΗΜΕΡΟΜΗΝΙΑ ΚΑΙ ΩΡΑ ΤΕΛΕΥΤΑΙΑΣ ΕΝΗΜΕΡΩΣΗΣ | |
| Πεδίο ελέγχου | 20250605163933.0 |
| 008 - FIXED-LENGTH DATA ELEMENTS--GENERAL INFORMATION | |
| Πεδίο ελέγχου σταθερού μήκους | 250528s ||||||||||||||||||||||||d |
| 035 ## - SYSTEM CONTROL NUMBER | |
| System control number | 14762 |
| 020 ## - ISBN | |
| ISBN | 960210015 |
| 040 ## - ΠΗΓΗ ΚΑΤΑΛΟΓΟΓΡΑΦΗΣΗΣ | |
| Φορέας πρωτότυπης καταλογογράφησης | MC Athens Campus Library |
| Γλώσσα καταλογογράφησης | Ελληνικά, Μοντέρνα (1453-) |
| Modifying agency | MC Athens Campus Library |
| Κανόνες περιγραφικής καταλογογράφησης | AACR2 |
| 245 1# - ΤΙΤΛΟΣ ΚΑΙ ΔΗΛΩΣΗ ΥΠΕΥΘΥΝΟΤΗΤΑΣ | |
| Τίτλος | Εισαγωγή στην Κοινωνιολογία / Γ' 'Εκδοση |
| 250 ## - EDITION STATEMENT | |
| Edition statement | 3η |
| 260 ## - PUBLICATION, DISTRIBUTION, ETC. | |
| Name of publisher, distributor, etc. | Οδυσσέας, |
| Date of publication, distribution, etc. | 1989 |
| 300 ## - PHYSICAL DESCRIPTION | |
| Extent | 192 |
| 520 ## - SUMMARY, ETC. | |
| Summary, etc. | Αυτό το βιβλίο απευθύνεται σε αρχάριους της κοινωνιολογίας και σε μη-ειδικούς που επιζητούν μία ''εισαγωγή'' στο σύγχρονο κοινωνιολογικό προβληματισμό και τις εξελίξεις. Πρόλογος, Κοινωνιολογία: Θέματα και Προβλήματα, Αντικρουόμενες Ερμηνείες: Βιομηχανική Κοινωνία ή Καπιταλισμός;, Ταξική Δομή και Κοινωνικός Μετασχηματισμός, Το Σύγχρονο Κράτος, Η Πόλη: Αστικό Περιβάλλον και Καθημερινή Ζωή, Η Οικογένεια και το Φύλο, Καπιταλισμός και Παγκόσμιο Σύστημα, Συμπέρασμα: Η Κοινωνιολογία ως Κριτική Θεωρία. |
| 700 1# - ΠΡΟΣΘΕΤΗ ΑΝΑΓΡΑΦΗ--ΦΥΣΙΚΟ ΠΡΟΣΩΠΟ | |
| Personal name | Giddens Anthony |
| 9 (RLIN) | 516 |
| 700 1# - ΠΡΟΣΘΕΤΗ ΑΝΑΓΡΑΦΗ--ΦΥΣΙΚΟ ΠΡΟΣΩΠΟ | |
| Personal name | Γκράβαρης Διονύσης |
| 9 (RLIN) | 517 |
| 700 1# - ΠΡΟΣΘΕΤΗ ΑΝΑΓΡΑΦΗ--ΦΥΣΙΚΟ ΠΡΟΣΩΠΟ | |
| Personal name | Κονιαβίτης Θωμάς |
| 9 (RLIN) | 518 |
| 942 ## - ADDED ENTRY ELEMENTS (KOHA) | |
| Koha item type | Books |
| Τύπος τεκμηρίου | Βιβλιοθήκη | Τρέχουσα τοποθεσία | Barcode | Αριθμός εισαγωγής | Ημερομηνία απόκτησης | Ταξιθετικό σύμβολο | Αριθμός αντιτύπου | Κατάσταση απόσυρσης | Κατάσταση χαμένου | Κατάσταση κατεστραμμένου | Μη δανεισμός | Σύνολο δανεισμών | Σύνολο ανανεώσεων | Ημερομηνία τελευταίας εμφάνισης | Χρονολογία τελευταίου δανεισμού | Η τιμή ισχύει από |
|---|---|---|---|---|---|---|---|---|---|---|---|---|---|---|---|---|
| Books | MC Athens Campus Library | MC Athens Campus Library | 9780000003812 | 4566 | 05/06/2025 | 301 GID | 1 | 1 | 1 | 13/11/2025 | 30/10/2025 | 05/06/2025 |